|
|
|
|
| LEADER |
00000nam0a2200000 4500 |
| 001 |
353902 |
| 005 |
20231102010634.0 |
| 035 |
|
|
|a (RuTPU)RU\TPU\retro\11160
|
| 090 |
|
|
|a 353902
|
| 100 |
|
|
|a 20200605d1973 m y0rusy50 ca
|
| 101 |
0 |
|
|a rus
|
| 102 |
|
|
|a RU
|
| 105 |
|
|
|a a z 000zy
|
| 200 |
1 |
|
|a Волгоград - город-герой
|e альбом
|f сост. В. Е. Зайцев ; авт. предисл. М. Н. Алексеев
|
| 210 |
|
|
|a Москва
|c Советская Россия
|d 1973
|
| 215 |
|
|
|a 159 с.
|c ил.
|e 1 бр.
|
| 606 |
1 |
|
|a Города-герои
|y Волгоград
|2 stltpush
|3 (RuTPU)RU\TPU\subj\66920
|9 82896
|
| 610 |
1 |
|
|a Сталинград
|
| 610 |
1 |
|
|a Великая Отечественная война 1941-1945
|
| 610 |
1 |
|
|a альбомы
|
| 610 |
1 |
|
|a фотографии
|
| 610 |
1 |
|
|a плакаты
|
| 686 |
|
|
|a Т3(2)622,82
|v LBC/SL-A
|2 rubbk
|
| 702 |
|
1 |
|a Зайцев
|b В. Е.
|g Владимир Егорович
|4 220
|
| 702 |
|
1 |
|a Алексеев
|b М. Н.
|g Михаил Николаевич
|4 080
|
| 801 |
|
1 |
|a RU
|b 63413507
|c 20200605
|
| 801 |
|
2 |
|a RU
|b 63413507
|c 20201222
|g RCR
|
| 942 |
|
|
|c BK
|